Caricamento...

E.M. Forster /

Dettagli Bibliografici
Autore principale: Royle,, Nicholas
Natura: Printed Book
Lingua:English
Pubblicazione: New Delhi: Atlantic publishers, 2010.
Serie:Writers and their Work
Soggetti:
LEADER 00656cam a2200217ua 4500
008 131204t2010||||||||||| 00 ||eng c
020 |a 9788126912841 
041 0 |a eng 
082 |a 823  |b ROY 
100 0 |a Royle,, Nicholas 
245 1 0 |a E.M. Forster /  
260 |a New Delhi:  |b Atlantic publishers,  |c 2010. 
300 |a 99+III. 
362 1 |a 2010. 
365 |a Rs.175/- 
440 0 |a Writers and their Work 
490 0 |a Writers and their Work 
650 0 |a English literature- Fiction 
942 |c BK 
999 |c 29667  |d 29667 
952 |0 0  |1 0  |4 0  |6 823_000000000000000_RO  |7 0  |9 31474  |a KUCL  |b KUCL  |d 2014-05-23  |l 1  |o 823 RO  |p 32157  |r 2017-12-07  |s 2017-11-16  |w 2014-05-23  |y BK